000 00665nam a2200193Ia 4500
003 GCL
008 140319s9999 xx 000 0 ara d
040 _aGCL /
_cGCL
082 0 4 _a956.04
_bم ح
100 1 _aمروان بحيرى
245 1 0 _aالحلف الاطلسى والشرق الاوسط /
_cمروان بحيرى
260 _a[S.N] :
_bمؤسسة الدراسات الفلسطينية ،
_c1982
300 _a43
490 _aاوراق مؤسسة الدراسات الفلسطسينية
_v0
650 0 4 _aالنزاع العربى الاسرائيلى
650 0 4 _aفلسطين
650 0 4 _aالقضية الفلسطينية
942 _2ddc
_cBK
999 _c40337
_d40337